'Street' Quiz Stats

Quiz Updated Feb 21, 2012

Also try: Street Suffixes
Challenge
Share
Tweet
Embed
Score 0/24 Timer 06:00
1 Play Today
Hint Answer % Correct
Term for the US financial market or a 1987 Oliver Stone filmWall Street
94.6%
Beloved Children's television showSesame Street
70.9%
Two words: Fred KruegerA Nightmare on Elm Street
65.3%
Brian Littrell, Nick Carter, A. J. McLean, and Howie DoroughBackstreet Boys
58.7%
Holiday movie about the Macy's Santa ClausMiracle on 34th Street
56.8%
Bruce Springsteen's groupE Street Band
56.6%
A Tennessee Williams playA Streetcar Named Desire
54.9%
Daily newspaper published by Dow Jones & CompanyWall Street Journal
54.1%
American Gold medal winning alpine ski racerPicabo Street
42.4%
Capcom made battle video gameStreet Fighter
37.3%
Police drama starring Johnny Depp21 Jump Street
34.6%
1987 U2 hit songWhere the Streets Have No Name
34.3%
Hint Answer % Correct
1917 short comedy film by Charlie Chaplin or a musical number from 'Annie'Easy Street
32.8%
Steven Bochco created 80s police dramaHill Street Blues
32.6%
Broadway Musical named for a road in New York42nd Street
25%
1964 Motown song by Martha and the VandellasDancing in the Street
17.2%
1973 film directed by Martin Scorsese Mean Streets
16.7%
The name of the UK's longest running TV soap operaCoronation Street
15.2%
Satirical novel by Sinclair LewisMain Street
14.4%
The London address of Sherlock Holmes221B Baker Street
11.9%
Dr. Seuss' first children's bookAnd to Think That I Saw It on Mulberry Street
9.8%
Simon and Garfunkel songThe 59th Street Bridge Song
9.6%
2008 film starring Keanu Reeves and Forest WhitakerStreet Kings
9.1%
Billy Joel's 6th studio album, released in 197852nd Street
8.5%

You're not logged in!

Compare scores with friends on all Sporcle quizzes.
Sign Up with Email
OR
Log In

You Might Also Like...

Show Comments

Extras

Top Quizzes Today


Score Distribution

Your Account Isn't Verified!

In order to create a playlist on Sporcle, you need to verify the email address you used during registration. Go to your Sporcle Settings to finish the process.